| 000 | 02362nab a2200241 i 4500 | ||
|---|---|---|---|
| 001 | 768714001 | ||
| 003 | CO-MdFUSB | ||
| 005 | 20240503144923.0 | ||
| 008 | 230428s2010 us ||||| |||| 00| 0 eng d | ||
| 022 | _a1669-8649 | ||
| 040 |
_bspa _aCO-MdFUSB _cCO-MdFUSB _dCO-MdFUSB |
||
| 041 | _aeng | ||
| 100 |
_adel Salto, David, _eautor |
||
| 245 |
_aLatin American evangelical christology _c/ David del Salto |
||
| 300 |
_aVolumen 5, número 2 (2010), páginas 51 - 106 _c; 20 cm |
||
| 520 | _aCon motivo del cuadragésimo aniversario de la Fraternidad Teológica Latinoamericana, en este artículo nos proponemos dar cuenta de las aportaciones de Padilla y Costas al campo de la cristología. En el proceso, destacaremos algunos de los temas que más les preocupaban, especialmente en referencia a su trabajo misionológico. Al mismo tiempo, exploráremos lo que parece ser una clara evolución teológica y metodológica en su pensamiento. Esta exploración se hará en referencia a la propuesta de José Míguez Bonino a la familia protestante en América Latina para un enfoque más integral de la teología. Míguez Bonino hizo su propuesta al cierre de su perspicaz interpretación histórica y teológica de lo que llama "rostros" del protestantismo latinoamericano". Al considerar la iglesia evangélica, afirma que en lugar de iglesias "sin teología". En la década de 1970 en referencia a las iglesias evangélicas en el mundo mayoritario", las iglesias evangélicas en América Latina mantienen una teología reducida. La debilidad del protestantismo latinoamericano "no es tanto la ausencia de teología, ni sus desviaciones -que, como hemos visto, existen- sino su 'reduccionismo'. Este reduccionismo teológico, explica Míguez Bonino, es la razón de lo que podría llamarse una reducción eclesiológica, y por tanto misionológica y ética. Míguez Bonino explica que la herencia de los "despertares" angloamericanos ha resultado en una doble reducción: cristológica y soteriológica. | ||
| 546 | _aTexto en inglés | ||
| 610 | 0 | _aFraternidad Teológica Latinoamericana, | |
| 650 | 0 |
_9691 _aCristología _zAmérica Latina |
|
| 773 | 0 |
_049416 _981276 _dSantiago de Chile _oR1724 _tJournal of Latin American Theology : _w(CO-MdFUSB)118 _x1669-8949 _gVolumen 5, número 2 (2010), páginas 51 - 106 _qpágina 51 |
|
| 942 | _cANA | ||
| 945 | _aJennifer | ||
| 999 |
_c68813 _d68813 |
||